Albums Iron Maiden - Statistiques

Statistiques générales
  • Ce quiz a été pris 120 fois
  • Le résultat moyen est 13 sur 17
Statistiques - réponses
Indice Réponse % Correct
2 Killers
96%
3 The Number of the Beast
93%
1 Iron Maiden
91%
5 Powerslave
90%
9 Fear of the Dark
88%
4 Piece of Mind
85%
7 Seventh Son of a Seventh Son
74%
13 Dance of Death
72%
6 Somewhere in Time
71%
16 The Book of Souls
70%
12 Brave New World
66%
17 Senjutsu
65%
10 The X Factor
64%
11 Virtual XI
63%
8 No Prayer for the Dying
58%
15 The Final Frontier
57%
14 A Matter of Life and Death
53%
Aucun quiz correspondant
Distribution des résultats
% des personnes avec chaque résultat
Percentile par nombre de réponses
Votre historique - résultats
Vous n’avez pas pris ce quiz